000 00438nam a22001817a 4500
003 koha_MIRAKIL
005 20231213065316.0
008 231213b |||||||| |||| 00| 0 ||| d
020 _b9-75911506-9
040 _aTR-IsEVY
_btur
_cTR-IsEVY
082 _a910 KUR/B
100 _aKURAL, ORHAN.
245 0 _aBÜYÜK DÜNYADA KÜÇÜK ADIMLAR.
260 _bBERİL,
_c2006
300 _a265.
650 _aCoğrafya.
942 _2ddc
_cBK
999 _c1480
_d1480